000 00558nam a2200193Ia 4500
005 20250508164446.0
008 008 250505s9999 xx 000 0 eng d
037 _aTextual
040 _aFEDL
_beng
_cFEDL
041 _aeng
_2eng
084 _a300.72, WAR
_qFEDL
100 _aWarren Carol A B
_9778195
245 0 _aGender issues in field research
260 _aNewbury Park
_bSage Publications
_c1988
300 _a72p.
650 _aGender issues; Social sciences
_9778196
942 _cTEXL
_h300.72, WAR
999 _c1389244
_d1389244